| 000 | 00865nam0a22003251 4500 | ||
|---|---|---|---|
| 001 | RU\NLR\A1SV\111101 | ||
| 005 | 20260225112254.1 | ||
| 035 | _a(NLR Aleph) 009792454 | ||
| 090 |
_a10142370 _c10142370 |
||
| 100 | _a20110601d1924 u y0rusy50 ca | ||
| 101 | 0 | _arus | |
| 102 | _aRU | ||
| 200 | 1 |
_aПартия и рабочий класс _fМ.Рютин |
|
| 210 |
_aМ. _cГос. изд-во _d1924 |
||
| 215 |
_a92 с. _d18 см |
||
| 620 | _dМосква | ||
| 700 | 1 |
_aРютин _bМ. Н. _f1890-1937 _gМартемьян Никитич |
|
| 801 | 0 |
_aRU _bNLR _c20110601 |
|
| 852 |
_aNLR _j36/2077 |
||
| 899 | _aЗНБ СГУ | ||
| 899 | _aРГБ | ||
| 899 | _aСамОУНБ | ||
| 899 | _aКирОУНБ | ||
| 899 | _aSLK | ||
| 899 | _aОренбургОУНБ | ||
| 942 | _cBOOK | ||
| 980 | _aNB | ||
| 980 | _aA1SV | ||
| 980 | _aA1SV | ||